Les enjeux psychiques du travail (Record no. 62003)

MARC details
000 -LEADER
fixed length control field 00771nam a22002297a 4500
005 - DATE AND TIME OF LATEST TRANSACTION
control field 20210625105525.0
008 - FIXED-LENGTH DATA ELEMENTS--GENERAL INFORMATION
fixed length control field 210625b ||||| |||| 00| 0 eng d
020 ## - INTERNATIONAL STANDARD BOOK NUMBER
International Standard Book Number 9782228 902717
040 ## - CATALOGING SOURCE
Original cataloging agency BUAC
Transcribing agency BUC
041 ## - LANGUAGE CODE
Language code of text/sound track or separate title Fre
100 ## - MAIN ENTRY--PERSONAL NAME
Personal name Mobinier Pascale
245 ## - TITLE STATEMENT
Title Les enjeux psychiques du travail
Remainder of title introduction à la psychodynamique du travail
Statement of responsibility, etc / par Pascale Molinier
250 ## - EDITION STATEMENT
Edition statement 2 ème éd.
260 ## - PUBLICATION, DISTRIBUTION, ETC. (IMPRINT)
Place of publication, distribution, etc Paris :
Name of publisher, distributor, etc Edition Payot & Rivages,
Date of publication, distribution, etc 2006
300 ## - PHYSICAL DESCRIPTION
Extent 335 p.
Other physical details Couv.ill. en coul.;
Dimensions 17 cm.
440 ## - SERIES STATEMENT/ADDED ENTRY--TITLE
Title (Petit Biblio Payot : Essais)
500 ## - GENERAL NOTE
General note Bibliogr. pp.(318 - 328)<br/>Index Thématique. pp. (329- 330)
630 ## - SUBJECT ADDED ENTRY--UNIFORM TITLE
Uniform title PHILOSOPHIE-PSYCHOLOGIE
650 ## - SUBJECT ADDED ENTRY--TOPICAL TERM
Topical term or geographic name as entry element PSYCHOLOGIE
651 ## - SUBJECT ADDED ENTRY--GEOGRAPHIC NAME
Geographic name Psychologie du travail : psychologie
942 ## - ADDED ENTRY ELEMENTS (KOHA)
Source of classification or shelving scheme Dewey Decimal Classification
Item type Libre Accès
Holdings
Withdrawn status Lost status Source of classification or shelving scheme Damaged status Not for loan Location (home branch) Sublocation or collection (holding branch) Shelving location Date acquired Source of acquisition Coded location qualifier Koha issues (times borrowed) Koha full call number Piece designation (barcode) Koha date last seen Copy number Price effective from Koha item type
    Dewey Decimal Classification     Bibliothèque Universitaire Centrale Bibliothèque Universitaire Centrale   25/06/2021 DON ARES 21/00110   159.9 MOL 21-00110Buc 25/06/2021 1 25/06/2021 Libre Accès


© 2008, Bibliothèques de l'Université d'Abomey-Calavi

04 BP 789 Cotonou, Tél. : +229 21 36 01 01, Fax : +229 21 35 06 32

Courriel : bu@bu.uac.bj